| 000 | 01284nam a2200265Ia 4500 | ||
|---|---|---|---|
| 999 |
_c56056 _d56056 |
||
| 001 | 23156 | ||
| 003 | GE_BSU | ||
| 005 | 20230724120959.0 | ||
| 008 | 181216s1982||||ge |||||||||||||| ||geo|| | ||
| 040 | _cGE_BSU | ||
| 041 | _ageo | ||
| 080 | _a821.133.1-13 რ-78 | ||
| 245 |
_aროლანის სიმღერა : _bფრანგ. საგმირო ეპოსი. პოემა / _cფრანგ. თარგმნა და შენიშვნ. დაურთო გ. გეგეჭკორმა ; წინასიტყვ. ავტ. გ. ბუაჩიძე ; რედ. გ. ბუაჩიძე. |
||
| 264 |
_aთბილისი : _bნაკადული, _c1982. |
||
| 300 |
_a207 გვ. ; _c20 სმ |
||
| 500 | _aპარალელური სათაური ინგლისური | ||
| 520 | _aპარალ. სათ. ინგლ. | ||
| 541 | _h5 ლ. | ||
| 653 | _aროლანის სიმღერა | ||
| 653 | _aფრანგული საგმირო ეპოსი | ||
| 653 | _aპოემა | ||
| 700 |
_aგეგეჭკორი, გ. _eმთარგნმელი _916123 |
||
| 700 |
_aბუაჩიძე, გ. _eრედაქტორი _916076 |
||
| 942 |
_cBK _2udc |
||